Quizzes
Events
Quiz Creation
Community
Videos
Private Events
Remove Ads
Sign In
Join for FREE
Feedback
Dark Mode
Quiz Categories
Sports
Geography
Music
Movies
Television
Just For Fun
Miscellaneous
History
Literature
Language
Science
Gaming
Entertainment
Religion
Holiday
For Kids
Quiz Lab
Recent
Popular Today
Quiz Kudos Today
Editor Picks
Curator Picks
Quizzes by...
Day
Popularity
Type
Ratings
Length
Year
Community
Subscriptions
Recent Discussions
Orange Saloon
Badges
Playlists
Quests
Create
Leaderboards
Showdown
Live 5
Trivia Bingo
Activity
Puzzle Library
Sporcle Events
Private Events
Virtual Trivia
Globe League
Become a Host
Pub Owners
SporcleCon
Opinionation
Our Games
Videos
Blog
Mobile Apps
Partnerships
Remove Ads and Go Orange
Feedback
Miscellaneous
Crossword
General Knowledge
Baby Names
Logo
Food
Cars
Numbers
Grab Bag
University
College
Popular
Company
Slogans
Restaurants
Justice
Letter
Miscellaneous
Crossword
General Knowledge
Baby Names
Logo
Food
Cars
Numbers
Grab Bag
University
College
Popular
Company
Slogans
Restaurants
Justice
Letter
Random Quiz
Search Sporcle
×
Quiz Lab
Quiz Lab
Miscellaneous
Event
Type in answers that appear in a list
Type in answers that appear in a list
Classic
Best Score? Go Orange.
Have a very harry birthday! Stats
Can you name the harry potter birthday events?
By
bromley
7m
20 Questions
564 Plays
564 Plays
564 Plays
Comments
Comments
Give Quiz Kudos
Give Quiz Kudos
-
- Ratings
hide this ad
Replay
Link that replays current quiz
Next Quiz
Link to next quiz in quiz playlist
You Got
0%
They Got
Avg Score
37%
Avg Friend Score
Upgrade to see
Score Distribution
Jump to the score distribution portion of the page
Score
0/20
Timer
07:00
0
Plays Today
question
answer
% Correct
Who comes to visit Harry on his 11th birthday
Hagrid
94.7%
When do you come of age in the wizarding world
17
73.6%
What is the shape of Harry's cake on his 16th birthday
Snitch
68.8%
Who does he fall madly in love with
Romilda Vane
55.7%
When Ron is poisoned, what antidote does Harry give him
Bezoar
49.3%
What is a traditional wizarding present for coming of age
Watch
47.3%
Who cast protective spells on Harry's house which will break when he turns 17
Dumbledore
46.6%
What does this person give him as a present
Hedwig
44.1%
Who is the only known maker of the philosopher's stone
Nicholas Flamel
44%
When is Harry Potter's birthday
31st July
38.7%
question
answer
% Correct
How old is he
666
30.7%
Who else shares Harry's birthday
Neville Longbottom
28.2%
Who visits Harry on his 17th birthday
Rufus Scrimgeour
25.4%
How many years has Nearly Headless Nick been dead when he invites Harry to his Deathday Party
500
24.5%
When is Ron's birthday
1st March
20%
What are the magical methods of reaching immortality besides horcruxes and the philosopher's stone
Unicorn blood
17.2%
What does Ron eat on his 17th birthday that is spiked with love potion
Cauldron Cakes
13.8%
Why does he receive so many
Dudley's diet
8.7%
How many birthday cakes does harry receive on his 14th birthday
4
8.2%
What does Ginny give Harry on his 17th birthday
luurve
1.6%
Quiz Playlist
Details
Report
Send in Message
Add To Playlist
Classic:
Type in answers that appear in a list
Last Updated: May 19, 2017
Quiz Scoreboard
CHALLENGE
Sign Up to Join the Scoreboard
Show All
Scores
Hide
Comments
May contain spoilers
Recently Published
Movies - When Are They Set?
by FPL_Elf
Movies
5m
Popular People in 1961
by mucciniale
History
6m
1-10 Letter E Words III
by El_Dandy
Language
2m
More to Explore
Quiz From the Vault
Featured Blog Post
Where Did the Easter Bunny Come From?
hide this ad
You Might Also Like...
Tags
Birthday
Event
Today's Top Quizzes in Miscellaneous
Browse Miscellaneous
hide this ad
Today's Top Quizzes in Event
Browse Event
Top Contributed Quizzes in Miscellaneous
1
The JOE quick-fire general knowledge quiz: Day 173
2
The JOE quick-fire general knowledge quiz: Day 172
3
5-to-1: Fast Food
4
Sunday Crossword: Famous Bodies of Water
5
The JOE quick-fire general knowledge quiz: Day 171
6
One Thing in Common: United Kingdom II
7
Named After an Animal - Odd One Out!
8
sort kpop groups by number of members
9
The JOE quick-fire quiz: Day 170
10
Sunday Crossword: Themeless #5
Explore More
Trending Topics
Disney
Marvel
Kpop
Harry Potter
Crossword
Anime
NBA
Country
Soccer
The Office
Song
WWE
NFL
Pokémon
Puzzle
hide this ad
More By:
bromley
Quiz
Plays
Rating
Category
Featured
Created
Have a very harry birthday!
564
1.39
Miscellaneous
Jun 13, 2010
Go to Creator's Profile
Score Distribution
Quiz Creator Spotlight
bromley
Follow
Send a Message
Quizzes Created
-
Created Quiz Play Count
-
More By This Creator
Popular Quizzes Today
1
Find the Countries of Europe - No Outlines Minefield
2
Find the US States - No Outlines Minefield
3
The Countries of the World
4
Popular People in 1961
5
US States
6
1-10 Letter E Words III
7
Find the US States
8
One Thing in Common: World Cities II
More Miscellaneous Quizzes
A.B. to Y.Z.
Published
Trending Quizzes
Risky Map Clicking: Least Populous States A-Z
1-10 Letter F Words
Humor Books: The Subtitles
1-10 Letter G Words
One Thing in Common: United Kingdom
Recently Updated
Leaping Animals
pecheneg
Reality TV Shows (A-Z)
bhenderson79
Rickey Henderson's Hall of Fame Teammates
pecheneg
Champions League XIs: Arsenal
pecheneg
Quick Pick: Celebrities in WWE's Hall of Fame
aduchscher
A-Z Keypad Blitz II
pecheneg
Multiple Oscar Actors
pecheneg
Mystery Phrase Blitz: Oscar 'Best Actors'
pecheneg
F. Scott Fitzgerald Novels
LTH
Pick 3 Villains
ddd62291
Trending Topics
Kpop
NBA
Harry Potter
Disney
Marvel
Crossword
Anime
Puzzle
Country
WWE
Soccer
NFL
Pokémon
The Office
Song
Your Account Isn't Verified!
In order to create a playlist on Sporcle, you need to verify the email address you used during registration. Go to your
Sporcle Settings
to finish the process.
Report this User
Report this user for behavior that violates our
Community Guidelines
.
Details:
Send Report
Go to the Sporcle.com Mobile Site →
Comments